LIBRARY & INFORMATION CENTRE, KCAET, TAVANUR

ONLINE PUBLIC ACCESS CATALOGUE (OPAC)

Manasollasam / (Record no. 5791)

MARC details
000 -LEADER
fixed length control field 00421cam a2200169ua 4500
041 ## - LANGUAGE CODE
Language code of text/sound track or separate title mal
082 ## - DEWEY DECIMAL CLASSIFICATION NUMBER
Classification number 894.8124
Item number KRI/MA
100 ## - MAIN ENTRY--AUTHOR NAME
Personal name Krishna Pillai, Kuttipuzha .
245 ## - TITLE STATEMENT
Title Manasollasam /
260 ## - PUBLICATION, DISTRIBUTION, ETC. (IMPRINT)
Place of publication Thrissur :
Name of publisher Current Books ,
Year of publication 1963.
300 ## - PHYSICAL DESCRIPTION
Number of Pages 118 ; .
942 ## - ADDED ENTRY ELEMENTS (KOHA)
Koha item type Books
Holdings
Withdrawn status Lost status Damaged status Home library Current library Date acquired Full call number Accession Number Koha item type Cost, normal purchase price
Withdrawn   Damaged KAUAET KAUAET 07/04/2012 894.8124 10680 Books  
Withdrawn     KAUAET KAUAET 29/10/2019 894.8124 KRI/MA 1693 Books 2.00
free website counter